La Voz de los sin voz /

Kaydedildi:
Detaylı Bibliyografya
Yazar: Sobrino J.
Diğer Yazarlar: Martín Baró, I. Cardenal, R.
Materyal Türü: Metin
Baskı/Yayın Bilgisi: San Salvador: UCA Editores
Etiketler: Etiketle
Etiket eklenmemiş, İlk siz ekleyin!

MARC

LEADER 00000 a a2200000 04500
001 24973
003
040
090 |a 176600  
100 |a Sobrino J.  
245 |a La Voz de los sin voz /  |c Sobrino J.  
260 |a San Salvador:   |b UCA Editores  
300 |a 461 p.  
700 |a Martín Baró, I.   |a Cardenal, R.  
999 |c 10934  |d 10934